000 00425 a2200133 4500
001 153414
040 _cEscola São Tomás de Aquino
240 1 0 _aUlisses e a Odisseia em versos de cordel
_lpor
245 1 0 _aUlisses e a Odisseia em versos de cordel
362 0 _a2016
440 1 _aMelhoramentos
697 _aLiteratura de cordel Livros de bolso ou folhetos com histórias e músicas populares
942 _cBK
999 _c153414
_d153414